000 01062nam0a22002411 4500
001 rc\630969
005 20031121164406.2
035 _a(NLR Aleph) 005873155
090 _a6000070
_c6000070
100 _a20031121d1986 u |0rusy50 ca
101 0 _arus
102 _aRU
105 _aa |||||||||
200 1 _aПрименение теории массового обслуживания для организации технического обслуживания и ремонта машин
_eКонспект лекций [для студентов спец. 0519]
_fМ.Ю. Марушкей, доц., к. т. н.
_gМ-во высш. и сред. спец. образования РСФСР, Ленингр. лесотехн. акад. им. С.М. Кирова
210 _aЛ.
_cАЛТИ
_d1986
215 _a31 с.
_cил.
_d20
320 _aБиблиогр.: с. 30
700 1 _aМарушкей
_bМ. Ю.
_gМихаил Юрьевич
801 0 _aRU
_bNLR
_gpsbo
801 1 _aRU
_bELAR
_2rusmarc
852 _aNLR
_j88-4/2696
942 _cBOOK
980 _aNB